Southville International School and Colleges
Your cart is empty.
  • Cart
  • Lists
    Public lists Eva Luna New books Lux_list list_1
    Your lists Log in to create your own lists
  • Log in to your account
  • Your cookies
  • Search history
Southville International School and Colleges
  • Advanced search
  • Recent comments
  • Most popular
  • Libraries

Log in to your account

Log in with GOOGLE


If you do not have an external account, but do have a local account, you can still log in:

  1. Home
  2. MARC view: Sammy Keyes and the skeleton man /
Normal view MARC view ISBD view

Sammy Keyes and the skeleton man / (Record no. 34545)

[ view plain ]
MARC details
000 -LEADER
fixed length control field 01151cam a2200325 a 4500
001 - CONTROL NUMBER
control field 4018755
003 - CONTROL NUMBER IDENTIFIER
control field OSt
005 - DATE AND TIME OF LATEST TRANSACTION
control field 20140310184448.0
008 - FIXED-LENGTH DATA ELEMENTS--GENERAL INFORMATION
fixed length control field 971113s1998 nyu c 000 1 eng
010 ## - LIBRARY OF CONGRESS CONTROL NUMBER
LC control number 97046500
020 ## - INTERNATIONAL STANDARD BOOK NUMBER
International Standard Book Number 0439065089
040 ## - CATALOGING SOURCE
Original cataloging agency DLC
Transcribing agency DLC
Modifying agency DLC
042 ## - AUTHENTICATION CODE
Authentication code lcac
050 00 - LIBRARY OF CONGRESS CALL NUMBER
Classification number PZ 7
Item number .V2857Saqm 1999
100 1# - MAIN ENTRY--PERSONAL NAME
Personal name Van Draanen, Wendelin.
9 (RLIN) 4062
245 10 - TITLE STATEMENT
Title Sammy Keyes and the skeleton man /
Statement of responsibility, etc Wendelin Van Draanen.
260 ## - PUBLICATION, DISTRIBUTION, ETC. (IMPRINT)
Place of publication, distribution, etc New York :
Name of publisher, distributor, etc Knopf :
-- Distributed by Random House,
-- Scholastics Inc.
Date of publication, distribution, etc 1999.
300 ## - PHYSICAL DESCRIPTION
Extent 172 p. ;
Dimensions 22 cm.
521 ## - TARGET AUDIENCE NOTE
Target audience note
526 ## - STUDY PROGRAM INFORMATION NOTE
Reading level 890
650 #1 - SUBJECT ADDED ENTRY--TOPICAL TERM
Topical term or geographic name as entry element Halloween
General subdivision Fiction.
9 (RLIN) 27861
650 #1 - SUBJECT ADDED ENTRY--TOPICAL TERM
Topical term or geographic name as entry element Mystery and detective stories.
9 (RLIN) 3790
856 42 - ELECTRONIC LOCATION AND ACCESS
Materials specified Contributor biographical information
Uniform Resource Identifier <a href="http://www.loc.gov/catdir/bios/random051/97046500.html">http://www.loc.gov/catdir/bios/random051/97046500.html</a>
856 42 - ELECTRONIC LOCATION AND ACCESS
Materials specified Publisher description
Uniform Resource Identifier <a href="http://www.loc.gov/catdir/description/random0410/97046500.html">http://www.loc.gov/catdir/description/random0410/97046500.html</a>
906 ## - LOCAL DATA ELEMENT F, LDF (RLIN)
a 7
b cbc
c orignew
d 1
e ocip
f 19
g y-gencatlg
942 ## - ADDED ENTRY ELEMENTS (KOHA)
Source of classification or shelving scheme Library of Congress Classification
Koha item type
Holdings
Withdrawn status Lost status Source of classification or shelving scheme Damaged status Home library Current library Shelving location Date acquired Total Checkouts Full call number Barcode Date last seen Copy number Price effective from Koha item type
    Library of Congress Classification   Luxembourg Library Luxembourg Library Scholastic Reading Center Section 10/10/2013   PZ 7 .V2857Saqm 1999 LEX1796 04/18/2017 1 10/10/2013 Books
    Library of Congress Classification   Luxembourg Library Luxembourg Library Scholastic Reading Center Section 10/11/2013   PZ 7 .V2857Saqm 1999 LEX2456 04/18/2017 2 10/11/2013 Books

Sammy Keyes and the skeleton man /

APA

Van Draanen W., . (1999). Sammy Keyes and the skeleton man. New York: Knopf.

Chicago

Van Draanen Wendelin, . 1999. Sammy Keyes and the skeleton man. New York: Knopf.

Harvard

Van Draanen W., . (1999). Sammy Keyes and the skeleton man. New York: Knopf.

MLA

Van Draanen Wendelin, . Sammy Keyes and the skeleton man. New York: Knopf. 1999.

  • Place hold
  • Print
  • Cite
  • Add to your cart (remove)
  • Save record
    BIBTEX Dublin Core MARCXML MARC (non-Unicode/MARC-8) MARC (Unicode/UTF-8) MARC (Unicode/UTF-8, Standard) MODS (XML) RIS
  • More searches
    Search for this title in:
    Other Libraries (WorldCat) Other Databases (Google Scholar) Online Stores (Bookfinder.com) Open Library (openlibrary.org)

Exporting to Dublin Core...

SOUTHVILLE LIBRARY

Southville International School and Colleges Library

1281 Tropical Ave. Cor. Luxembourg St., BF Homes International, Las Pinas City

Tel. No. 8256374 / 252358 Loc. 117/146

Powered by Koha